<?xml version="1.0" encoding="UTF-8"?>
<record
    xmlns:xsi="http://www.w3.org/2001/XMLSchema-instance"
    xsi:schemaLocation="http://www.loc.gov/MARC21/slim http://www.loc.gov/standards/marcxml/schema/MARC21slim.xsd"
    xmlns="http://www.loc.gov/MARC21/slim">

  <leader>00809nam a2200217 a 4500</leader>
  <controlfield tag="003">OSt</controlfield>
  <controlfield tag="005">20240226115713.0</controlfield>
  <controlfield tag="008">180226t2006    pk     | |||| 00| 0 urd d</controlfield>
  <datafield tag="020" ind1=" " ind2=" ">
    <subfield code="a">6963518276</subfield>
  </datafield>
  <datafield tag="040" ind1=" " ind2=" ">
    <subfield code="c">0</subfield>
  </datafield>
  <datafield tag="082" ind1=" " ind2=" ">
    <subfield code="a">891.4393</subfield>
    <subfield code="b">SHA 2006</subfield>
  </datafield>
  <datafield tag="100" ind1="1" ind2="0">
    <subfield code="a">&#x634;&#x653;&#x631;&#x631;&#x60C;&#x639;&#x628;&#x62F;&#x627;&#x644;&#x62D;&#x644;&#x64A;&#x645;</subfield>
    <subfield code="9">121280</subfield>
  </datafield>
  <datafield tag="245" ind1="1" ind2="0">
    <subfield code="a">&#x6AF;&#x632;&#x634;&#x62A;&#x6C1; &#x644;&#x6A9;&#x6BE;&#x646;&#x624;: </subfield>
    <subfield code="c">Abdul Haleem Sharar,edited and annotated by M.Ikram Chaghatai</subfield>
    <subfield code="b">&#x6C1;&#x646;&#x62F;&#x648;&#x633;&#x62A;&#x627;&#x646; &#x645;&#x6CC;&#x6BA; &#x645;&#x634;&#x631;&#x642; &#x62A;&#x645;&#x62F;&#x646; &#x6A9;&#x627; &#x653;&#x627;&#x62E;&#x631;&#x6CC; &#x646;&#x645;&#x648;&#x646;&#x6C1;</subfield>
  </datafield>
  <datafield tag="246" ind1=" " ind2=" ">
    <subfield code="a">Gozashta Lucknow</subfield>
  </datafield>
  <datafield tag="260" ind1=" " ind2=" ">
    <subfield code="a">Lahore:</subfield>
    <subfield code="b">Sang e Meel Pub;</subfield>
    <subfield code="c">2006.</subfield>
  </datafield>
  <datafield tag="300" ind1=" " ind2=" ">
    <subfield code="a">528 p.</subfield>
  </datafield>
  <datafield tag="650" ind1=" " ind2=" ">
    <subfield code="a">Classical Urdu literature</subfield>
    <subfield code="9">121310</subfield>
  </datafield>
  <datafield tag="650" ind1=" " ind2=" ">
    <subfield code="a">Lucknow</subfield>
    <subfield code="x">Cultural History</subfield>
    <subfield code="9">121311</subfield>
  </datafield>
  <datafield tag="942" ind1=" " ind2=" ">
    <subfield code="2">ddc</subfield>
    <subfield code="c">BK</subfield>
    <subfield code="a">SADA</subfield>
    <subfield code="k">891.4393 SHA 2006</subfield>
  </datafield>
  <datafield tag="999" ind1=" " ind2=" ">
    <subfield code="c">608155</subfield>
    <subfield code="d">608155</subfield>
  </datafield>
  <datafield tag="952" ind1=" " ind2=" ">
    <subfield code="0">0</subfield>
    <subfield code="1">0</subfield>
    <subfield code="2">ddc</subfield>
    <subfield code="4">0</subfield>
    <subfield code="7">0</subfield>
    <subfield code="a">SADA</subfield>
    <subfield code="b">SADA</subfield>
    <subfield code="d">2018-02-09</subfield>
    <subfield code="e">Donation</subfield>
    <subfield code="l">0</subfield>
    <subfield code="o">891.4393 SHA 2006</subfield>
    <subfield code="p">SADAD0000258</subfield>
    <subfield code="r">2024-02-26</subfield>
    <subfield code="v">1260.00</subfield>
    <subfield code="w">2024-02-26</subfield>
    <subfield code="y">BK</subfield>
  </datafield>
</record>
